<?xml version="1.0" encoding="UTF-8"?>
<record
    xmlns:xsi="http://www.w3.org/2001/XMLSchema-instance"
    xsi:schemaLocation="http://www.loc.gov/MARC21/slim http://www.loc.gov/standards/marcxml/schema/MARC21slim.xsd"
    xmlns="http://www.loc.gov/MARC21/slim">

  <leader>03864nam a2200349 a 4500</leader>
  <controlfield tag="003">OSt</controlfield>
  <controlfield tag="005">20250903062751.0</controlfield>
  <controlfield tag="007">cr ||||||a|c|a</controlfield>
  <controlfield tag="008">250121s2021    |||a|||fom||| 001 0 spa d</controlfield>
  <datafield tag="040" ind1=" " ind2=" ">
    <subfield code="e">rda</subfield>
  </datafield>
  <datafield tag="100" ind1="1" ind2=" ">
    <subfield code="a">Jim&#xE9;nez Rosales, Juan Daniel</subfield>
    <subfield code="9">125885</subfield>
  </datafield>
  <datafield tag="245" ind1="1" ind2=" ">
    <subfield code="a">Tasa de consumo en vacas y rendimiento de avena negra a diferentes alturas de pastura e intensidades de cosecha /</subfield>
    <subfield code="c">por Juan Daniel Jim&#xE9;nez Rosales; director de tesis Ricardo Daniel Am&#xE9;ndola Massiotti; asesor externo Edmundo Garc&#xED;a Moya, Juan Andr&#xE9;s Burgue&#xF1;o Ferreira y Luis Alberto Miranda Romero; lector externo Epigmenio Castillo Gallegos. </subfield>
  </datafield>
  <datafield tag="264" ind1=" " ind2="1">
    <subfield code="a">Chapingo, M&#xE9;xico :</subfield>
    <subfield code="b">El autor,</subfield>
    <subfield code="c">2021.</subfield>
  </datafield>
  <datafield tag="300" ind1=" " ind2=" ">
    <subfield code="a">1 recurso en l&#xED;nea (110 p&#xE1;ginas):</subfield>
    <subfield code="b">cuadros, figuras.</subfield>
  </datafield>
  <datafield tag="336" ind1=" " ind2=" ">
    <subfield code="2">rdacontent</subfield>
    <subfield code="a">texto</subfield>
    <subfield code="b">txt</subfield>
  </datafield>
  <datafield tag="337" ind1=" " ind2=" ">
    <subfield code="2">rdamedia</subfield>
    <subfield code="a">computadora</subfield>
    <subfield code="b">c</subfield>
  </datafield>
  <datafield tag="338" ind1=" " ind2=" ">
    <subfield code="2">rdacarrier</subfield>
    <subfield code="a">recurso en l&#xED;nea</subfield>
    <subfield code="b">cr</subfield>
  </datafield>
  <datafield tag="502" ind1=" " ind2=" ">
    <subfield code="b">DCIG</subfield>
    <subfield code="c">Zootecn&#xED;a</subfield>
    <subfield code="d">2021.</subfield>
    <subfield code="g">DOC</subfield>
  </datafield>
  <datafield tag="504" ind1=" " ind2=" ">
    <subfield code="a">Incluye referencias bibliogr&#xE1;ficas: p&#xE1;ginas 4-5, 24-30, 49-52, 70-73, 92-96.</subfield>
  </datafield>
  <datafield tag="520" ind1=" " ind2=" ">
    <subfield code="a">Para contrarrestar la disminuci&#xF3;n de la oferta de forraje de pasturas perennes durante el invierno, es necesario el establecimiento de pasturas anuales y avena negra (Avena strigosa Schreb) es una opci&#xF3;n. Pero, caracter&#xED;sticas de la pastura como su altura se asocian con la ingesta de forraje, factor clave en los sistemas pastoriles. Un objetivo fue evaluar el efecto de alturas de pastura (40, 50, 60 y 70 cm) en la tasa de consumo de forraje y los movimientos mandibulares de vacas. Adem&#xE1;s del consumo, otro componente de los sistemas pastoriles es el rendimiento y la composici&#xF3;n del forraje. La frecuencia e intensidad de defoliaci&#xF3;n son criterios de cosecha que afectan dichas variables. En consecuencia, otro objetivo fue evaluar el rendimiento, la composici&#xF3;n morfol&#xF3;gica y qu&#xED;mica de avena negra y su asociaci&#xF3;n con veza (Vicia villosa Roth) bajo frecuencias (alturas de pastura, 40, 50, 60 y 70 cm) e intensidades de cosecha (alturas de forraje residual, 8, 14 y 20 cm). La tasa de consumo fue mayor (p&lt;0.05) en pasturas de 70 cm (92.9 g ms min-1) que en las de 40, 50 y 60 cm (promedios de 70.4 g ms min-1). La tasa de movimientos mandibulares de bocados fue mayor (p&lt;0.05) en alturas de 40 y 50 cm (promedio de 41.5 bocados min-1) que en 60 y 70 cm (promedio de 35.8 bocados min-1). En contraste la tasa de movimientos mandibulares de masticaci&#xF3;n fue mayor (p&lt;0.05) en 70 cm (30.1 masticaciones min-1) que, en 40, 50 y 60 cm (promedio de 24.4 masticaciones min-1). El rendimiento de forraje aument&#xF3; (p=0.007, 35 kg ms cm-1, R2 = 0.91) de forma lineal, la l&#xE1;mina foliar disminuy&#xF3; (p=0.001,-33 kg ms cm-1, R2 = 0.99) y el de pseudotallo m&#xE1;s tallo tambi&#xE9;n aument&#xF3; (p=0.001, 46 kg ms cm-1, R2 = 0.98,) con el incremento de la altura. El rendimiento de forraje y la prote&#xED;na cruda fueron 17 % y 19 % superiores (p&lt;0.05) en monocultivo que en asociaci&#xF3;n (6743 vs. 5754 kg ms ha-1, 19.2 vs. 16.2 %). Con base en los experimentos de corte en avena negra hubo una relaci&#xF3;n opuesta entre la cantidad (aument&#xF3;) y la calidad del forraje (disminuy&#xF3;) con el incremento de la altura de la pastura.</subfield>
  </datafield>
  <datafield tag="650" ind1=" " ind2="4">
    <subfield code="a">Avena strigosa</subfield>
    <subfield code="x">Valor nutritivo</subfield>
    <subfield code="9">188700</subfield>
  </datafield>
  <datafield tag="650" ind1=" " ind2="4">
    <subfield code="a">Avena strigosa</subfield>
    <subfield code="x">Rendimiento</subfield>
    <subfield code="9">188701</subfield>
  </datafield>
  <datafield tag="650" ind1=" " ind2="4">
    <subfield code="a">Vacas lecheras en pastoreo</subfield>
    <subfield code="9">146636</subfield>
  </datafield>
  <datafield tag="650" ind1=" " ind2="7">
    <subfield code="a">Forrajes</subfield>
    <subfield code="x">Digestibilidad</subfield>
    <subfield code="2"></subfield>
    <subfield code="9">42568</subfield>
  </datafield>
  <datafield tag="700" ind1="1" ind2=" ">
    <subfield code="a">Am&#xE9;ndola Massiotti, Ricardo Daniel</subfield>
    <subfield code="9">162276</subfield>
    <subfield code="e">Director de tesis.</subfield>
  </datafield>
  <datafield tag="700" ind1="1" ind2=" ">
    <subfield code="a">Garc&#xED;a Moya, Edmundo</subfield>
    <subfield code="9">46345</subfield>
    <subfield code="e">Asesor externo.</subfield>
  </datafield>
  <datafield tag="700" ind1="1" ind2=" ">
    <subfield code="a">Burgue&#xF1;o Ferreira, Juan A</subfield>
    <subfield code="9">16182</subfield>
    <subfield code="e">Asesor externo.</subfield>
  </datafield>
  <datafield tag="700" ind1="1" ind2=" ">
    <subfield code="a">Miranda Romero, Luis Alberto</subfield>
    <subfield code="9">76103</subfield>
    <subfield code="e">Asesor externo.</subfield>
  </datafield>
  <datafield tag="700" ind1="1" ind2=" ">
    <subfield code="a">Castillo Gallegos, Epigmeo</subfield>
    <subfield code="9">20128</subfield>
    <subfield code="e">Lector externo.</subfield>
  </datafield>
  <datafield tag="856" ind1=" " ind2=" ">
    <subfield code="u">http://10.13.5.2/tesis/td/2021_ZO_Jimenez_Rosales_JuanDaniel.pdf</subfield>
    <subfield code="z">DESCARGAR PDF</subfield>
  </datafield>
  <datafield tag="942" ind1=" " ind2=" ">
    <subfield code="2">Clasificaci&#xF3;n Universidad Aut&#xF3;noma Chapingo</subfield>
    <subfield code="c">TD</subfield>
  </datafield>
  <datafield tag="999" ind1=" " ind2=" ">
    <subfield code="c">220348</subfield>
    <subfield code="d">220348</subfield>
  </datafield>
  <datafield tag="952" ind1=" " ind2=" ">
    <subfield code="0">0</subfield>
    <subfield code="1">0</subfield>
    <subfield code="2">local</subfield>
    <subfield code="4">0</subfield>
    <subfield code="5">1</subfield>
    <subfield code="7">0</subfield>
    <subfield code="8">TesdigD</subfield>
    <subfield code="a">BD</subfield>
    <subfield code="b">BD</subfield>
    <subfield code="c">E_L</subfield>
    <subfield code="d">2025-01-21</subfield>
    <subfield code="l">0</subfield>
    <subfield code="o">Tesis digital</subfield>
    <subfield code="r">2025-01-21 12:19:37</subfield>
    <subfield code="w">2025-01-21</subfield>
    <subfield code="y">TD</subfield>
  </datafield>
</record>
